Els Anys de la postguerra i l'auge turístic a Cubelles (1939 - 1970) : de la repressió a l'especulació / Xavier Martínez, Joan Vidal de la repressió a l'especulació / Xavier Martínez, Joan Vidal
Descripción Física:
311 p. : fot. ; 24 cm
Otros Autores:
Vidal i Urpí, Joan
MARC
| LEADER | 00000nam a2200000Ia 4500 | ||
|---|---|---|---|
| 001 | 21401 | ||
| 008 | 160829s2009 xx 000 0 cat d | ||
| 080 | |a H-3-75 | ||
| 100 | |a Martínez Roig, Xavier |9 44465 | ||
| 245 | |a Els Anys de la postguerra i l'auge turístic a Cubelles (1939 - 1970) : |b de la repressió a l'especulació / Xavier Martínez, Joan Vidal | ||
| 260 | |a Cubelles : |b Ajuntament de Cubelles, |c 2009 | ||
| 300 | |a 311 p. : |b fot. ; |c 24 cm | ||
| 590 | |a A la part inferior de la portada: Premi d'Investigació Local de la Vila de Cubelles, 2007 | ||
| 650 | |a Cubelles |x Història |x 1939-1975 |9 44466 | ||
| 650 | 0 | |a Desenvolupament urbà |z Cubelles (Catalunya) |9 44467 | |
| 700 | |a Vidal i Urpí, Joan |9 44468 | ||
| 710 | 1 | |a Cubelles (Catalunya). |b Ajuntament |9 53900 | |
| 901 | |a Arxiu | ||
| 942 | |n 1 | ||
| 952 | |0 0 |1 0 |4 0 |6 H375 |7 1 |9 51955 |a Arxiu |b Arxiu |d 2016-12-01 |l 0 |o H-3-75 |p 21401 |r 2016-12-01 00:00:00 |w 2016-12-01 |y ARXIU | ||
| 999 | |c 55802 |d 55802 | ||